| 000 | 00391nam a2200169Ia 4500 | ||
|---|---|---|---|
| 008 | 170918s9999 xx 000 0 und d | ||
| 020 | _a9780545492331 | ||
| 050 | _bL334 2011 | ||
| 100 | _aLarson, Kirby | ||
| 245 | 4 | _aThe friendship doll / | |
| 245 | _cby Kirby Larson. | ||
| 260 | _aNew York : | ||
| 260 | _bScholastic, | ||
| 260 | _c2011 | ||
| 300 | _a201 pages : | ||
| 500 | _a760 | ||
| 999 |
_c343751 _d343751 |
||